Germany and the United States Facing the Post-Communist World

Salvato in:
Dettagli Bibliografici
Altri autori: Meyerhofer, Nicholas J.
Natura: Libro
Lingua:inglese
Pubblicazione: [S.l.] Northern Arizona University [1993]
Edizione:1. ed.
Soggetti:
Tags: Aggiungi Tag
Nessun Tag, puoi essere il primo ad aggiungerne!!

MARC

LEADER 00000nam a2200000 4500
001 c018921
005 20221214083959.5
020 |a 0-910973-06-7 
041 0 |a eng 
044 |a US 
245 1 0 |a Germany and the United States Facing the Post-Communist World  |c Edit. Nicholas J. Meyerhofer 
250 |a 1. ed. 
264 1 |a [S.l.]  |b Northern Arizona University  |c [1993] 
300 |a 171 s. 
610 2 0 |a situácia hospodárska 
610 2 0 |a transformácia 
610 2 0 |a spolupráca hospodárska medzinárodná 
610 2 0 |a USA 
610 2 0 |a Nemecko 
700 1 |a Meyerhofer, Nicholas J.